书目信息 |
| 题名: |
军事哲学思想专题研究
|
|
| 作者: | 朱康有 著 | |
| 分册: | ||
| 出版信息: | 北京 国家行政学院出版社 2013.10 |
|
| 页数: | 226页 | |
| 开本: | 24cm | |
| 丛书名: | ||
| 单 册: | ||
| 中图分类: | E0-02 | |
| 科图分类: | ||
| 主题词: | 军事哲学--Jun Shi Zhe Xue--研究 , 研究--Yan Jiu | |
| 电子资源: | ||
| ISBN: | 978-7-5150-0959-9 | |
| 000 | 01109nam0 22002531 450 | |
| 001 | 349974 | |
| 005 | 20161009083317.45 | |
| 010 | @a978-7-5150-0959-9@dCNY43.00 | |
| 100 | @a20140625d2013 em y0chiy50 ea | |
| 101 | 0 | @achi |
| 102 | @aCN@b110000 | |
| 105 | @ay z 000yy | |
| 106 | @ar | |
| 200 | 1 | @a军事哲学思想专题研究@AJun Shi Zhe Xue Si Xiang Zhuan Ti Yan Jiu@dMonographic study on military philosophical thought@f朱康有等著@zeng |
| 210 | @a北京@c国家行政学院出版社@d2013.10 | |
| 215 | @a226页@d24cm | |
| 330 | @a“战争是政治手段的继续”是西方军事思想家的观点?中国古代思想家实际上早已用不同的话语体系表达了这一看法。用暴力消灭战争是否唯一的手段?非也。软性的伦理制约亦是管用的。和谐世界理念怎样转化为世界和平观的建构?互联网时代对军人交往、军人形象塑造提出了怎样的挑战?相信阅读本书会释解您心中此类的疑问。 | |
| 510 | 1 | @aMonographic study on military philosophical thought@zeng |
| 606 | 0 | @a军事哲学@AJun Shi Zhe Xue@x研究 |
| 606 | 0 | @a研究@AYan Jiu |
| 690 | @aE0-02@v5 | |
| 701 | 0 | @a朱康有@AZhu Kang You@f(1967~)@4著 |
| 801 | 0 | @aCN@bTANGWEI@20160802 |
| 905 | @b0887695-9@dE0-02@e23@f5 | |
| 军事哲学思想专题研究=Monographic study on military philosophical thought/朱康有等著.-北京:国家行政学院出版社,2013.10 |
| 226页;24cm |
| ISBN 978-7-5150-0959-9:CNY43.00 |
| “战争是政治手段的继续”是西方军事思想家的观点?中国古代思想家实际上早已用不同的话语体系表达了这一看法。用暴力消灭战争是否唯一的手段?非也。软性的伦理制约亦是管用的。和谐世界理念怎样转化为世界和平观的建构?互联网时代对军人交往、军人形象塑造提出了怎样的挑战?相信阅读本书会释解您心中此类的疑问。 |
| ● |
| 相关链接 |
|
|
|
|
正题名:军事哲学思想专题研究
索取号:E0-02/23
 
预约/预借
| 序号 | 登录号 | 条形码 | 馆藏地/架位号 | 状态 | 备注 |
| 1 | 0887695 | 208876956 | 第一样本阅览室/ [索取号:E0-02/23] | 在馆 | |
| 2 | 0887696 | 208876965 | 第一借阅区/ [索取号:E0-02/23] | 在馆 | |
| 3 | 0887697 | 208876974 | 第一借阅区/ [索取号:E0-02/23] | 在馆 | |
| 4 | 0887698 | 208876983 | 第一借阅区/ [索取号:E0-02/23] | 在馆 | |
| 5 | 0887699 | 208876992 | 第一借阅区/ [索取号:E0-02/23] | 在馆 |